LEADER 01104nam a2200229 i 4500 001 000000247571 003 CaOOAMICUS 005 20160121000000.0 008 160121s1897 it u000 u ita u 013 $a226476 040 $aSeMil$bita 100 1 $aRossi, Liborio.$0(OLS)http://semarc/name/81704 245 10$aAi superiori dei seminari :$bsuggerimenti e massime che possono giovare a chiunque attende alla cristiana educazione /$cp. Liborio Rossi. 260 $aMilano :$bTipografia del Riformatorio Patronato,$c1897. 300 $aVIII, 126 p. ;$c19 cm. 500 $aDalla biblioteca del Card. Colombo. 650 4$aSeminari - Formazione.$0(OLS)http://semarc/subject/3050 850 $aSeMil 852 $aSeMil$W1$xVenegono$y1$m3G II 58 FA$j197917$B197917$CSeMilBibl$Z2$F209094 $8I 961 $aLascito: Colombo Card. Giovanni 996 $6245$aAi superiori dei seminari :$bsuggerimenti e massime che possono giovare a chiunque attende alla cristiana educazione$9(OLS)http://semarc/title/342945 996 $6260$aMilano :$bTipografia del Riformatorio Patronato$9(OLS)http://semarc/publisher/31527 LEADER 01136nam a2200289 i 4500 001 000000253174 003 CaOOAMICUS 005 20170323000000.0 008 170323s2001 it u000 u ita u 013 $a232079 020 $a2-84670-000-1 040 $aSeMil$bita 100 1 $aCambier, Jean <1925- >.$0(OLS)http://semarc/name/94113 245 13$aLa mémoire /$cJean Cambier. 260 $aParis :$bLe Cavalier Bleu,$c2001. 300 $a126 p. :$bill. ;$c18 cm. 490 0 $aIdées reçues. Santé & médecine 490 0 $aIdées reçues ;$v1 650 4$aMemoria - Psicologia.$0(OLS)http://semarc/subject/8815 830 0$aIdées reçues. Santé & médecine.$0(OLS)http://semarc/title/400342 830 0$aIdées reçues ;$v1.$0(OLS)http://semarc/title/39121 850 $aSeMil 852 $aSeMil$W1$xVenegono$y1$m2O I 132$j203520$B203520$CSeMilBibl$Z2$F218044 $81 961 $aOmaggio: Lorenzi don Ugo 996 $6020$a2-84670-000-1$9(OLS)http://semarc/number/275778 996 $6245$aLa mémoire$9(OLS)http://semarc/title/406958 996 $6260$aParis :$bLe Cavalier Bleu$9(OLS)http://semarc/publisher/37893